|
|
|
|
| LEADER |
00000nam a2200000 a 4500 |
| 001 |
vtls008832079 |
| 003 |
SK-MaSNL |
| 005 |
20260302075209.0 |
| 008 |
240318s2006 xo g 000 f hun |
| 015 |
|
|
|a SNBA2006/08-04112
|
| 020 |
|
|
|a 8071498335
|q (viaz.)
|c 260,00 Sk
|
| 035 |
|
|
|a CB50BCA1-C4E9-4C09-887D-27C886070A99
|
| 035 |
|
|
|a urn:nbn:sk:snk-amjeaz
|
| 035 |
|
|
|a urn:nbn:sk:snk-am000zcs
|
| 040 |
|
|
|a SNK
|b slo
|c SNK
|e AACR2
|
| 041 |
0 |
|
|a hun
|
| 043 |
|
|
|a e-hu---
|
| 044 |
|
|
|a xo
|c SK
|
| 072 |
|
7 |
|a 821.511.1
|x Ugrofínske literatúry
|2 konspekt
|
| 080 |
|
|
|a (0:82-312.6)
|2 2001
|
| 080 |
|
|
|a 821.511.141-31
|2 2001
|
| 080 |
|
|
|a 32-051
|2 2001
|
| 100 |
1 |
|
|a Csaplár, Vilmos
|4 aut
|9 725549
|
| 245 |
1 |
0 |
|a Igazságos Kádár János
|b regény
|c Csaplár Vilmos
|
| 250 |
|
|
|a 3. kiad.
|
| 260 |
|
|
|a Pozsony
|b Kalligram
|c 2006
|
| 300 |
|
|
|a 215 s.
|c 19 cm
|
| 600 |
1 |
7 |
|a Kádár, János,
|d 1912-1989
|2 SNKMA
|9 100734
|
| 650 |
0 |
7 |
|a politici
|z Maďarsko
|2 SNKPH
|9 467741
|
| 655 |
|
7 |
|a maďarské romány
|2 SNKPH
|9 70321
|
| 655 |
|
7 |
|a biografické romány
|2 SNKPH
|9 1532
|
| 752 |
|
|
|a Slovensko
|d Bratislava
|
| 919 |
|
|
|a 80-7149-833-5
|
| 999 |
|
|
|c 1168310
|d 1170240
|
| 952 |
|
|
|a SNK
|b SNK
|y VYP
|7 0
|p 17A0516427
|o snkSD 75766 D1
|i snk2006/14291
|8 0
|0 0
|1 0
|4 0
|d 2006-07-19
|f 1
|l 0
|r 2017-06-30 00:00:00
|w 2026-02-24
|
| 952 |
|
|
|a SNK
|b SNK
|y PREZ
|7 0
|p 17A0516426
|o snkSD 75766
|i snk2006/14290
|8 0
|0 0
|1 0
|4 0
|d 2006-07-19
|l 0
|r 2025-11-24 00:00:00
|w 2026-02-24
|